Prefabricated systems: principals of construction/ Ulrich Knaack, Sharon Chung-Klatte and Reinhard Hasselbach.- Basel:
Guardat en:
| Autor principal: | |
|---|---|
| Format: | Llibre |
| Idioma: | anglès |
| Publicat: |
Springer,
2012.
|
| Etiquetes: |
Afegir etiqueta
Sense etiquetes, Sigues el primer a etiquetar aquest registre!
|
MARC
| LEADER | 00000nam a22000007a 4500 | ||
|---|---|---|---|
| 008 | 240306b |||||||| |||| 00| 0 eng d | ||
| 020 | |a 978-3-7643-7962 | ||
| 100 | |a KNAACK, Ulrich. | ||
| 245 | |a Prefabricated systems: |b principals of construction/ Ulrich Knaack, Sharon Chung-Klatte and Reinhard Hasselbach.- Basel: |c Ulrich Knaack, Sharon Chung-Klatte and Reinhard Hasselbach |g 133p. : ill. | ||
| 260 | |b Springer, |c 2012. |d Book |h Basel: |i 696842 – EDM, 696843 |l NA2235 .K72 |m Buildings, prefabricated – Design and construction | ||
| 500 | |a “It includes references and index.” | ||
| 942 | |a lcc |c BK |e Adeniran F. A. |f 6/3/2024 | ||
| 952 | |0 0 |1 0 |2 lcc |4 0 |6 NA2235 K72 |7 0 |9 4946 |a HOL |b EDM |c LP |d 2024-03-06 |l 0 |n 2 |o NA2235 .K72 |p 2024-0197 |r 2024-03-06 00:00:00 |w 2024-03-06 |y BK | ||
| 952 | |0 0 |1 0 |2 lcc |4 0 |6 NA2235 K72 |7 0 |9 4947 |a HOL |b HOL |c LP |d 2024-03-06 |l 0 |n 2 |o NA2235 .K72 |p 2024-0198 |r 2024-03-06 00:00:00 |w 2024-03-06 |y BK | ||
| 999 | |c 2455 |d 2455 | ||